| 000 | 00388nam a22001337a 4500 | ||
|---|---|---|---|
| 082 |
_a624 _bTAR _cL-21, P-31 |
||
| 100 |
_aSing, Tarjit _942285 |
||
| 245 |
_aPractical book on sessional and project examination / _cTarjit Sing |
||
| 260 |
_aDelhi : _bStandard Book Depot, _c1705 |
||
| 300 | _a211 p. : | ||
| 526 |
_a0 _b0 _c0 _d624_000000000000000_TAR |
||
| 650 |
_aMCE _9379 |
||
| 942 |
_2ddc _cBK |
||
| 999 |
_c546204 _d546204 |
||